Naruto: Groups of six - Statistics

General Stats
  • This quiz has been taken 828 times
  • The average score is 24 of 46
Answer Stats
Answer % Correct
Naruto Uzumaki
92%
Nagato
88%
Nagato
87%
Kushina Uzumaki
86%
Madara Uchiha
85%
Madara Uchiha
85%
Chunin
80%
Genin
80%
Sasuke Uchiha
80%
Jonin
77%
Obito Uchiha
76%
Obito Uchiha
76%
Mito Uzumaki
69%
Itachi Uchiha
67%
Kaguya clan
65%
Hagoromo Otsusuki
64%
Mei Terumi
64%
Minato Namikaze
61%
Kimimaro
53%
Tayuya
51%
Uchiha clan
50%
Sakon
48%
Deidara
47%
Jirobo
47%
Uzumaki clan
46%
Sasori
45%
Ukon
45%
Kidomaru
43%
Kage
42%
Senju clan
42%
Chojuro
40%
Hyuga clan
40%
Kakuzu
39%
Asura
38%
Deva
37%
Yagura
35%
Animal
33%
Human
28%
Gengetsu Hozuki
23%
Preta
23%
Black Zetsu
21%
Black Zetsu
21%
Naraka
18%
Tokubetsu Jonin
15%
Byakuren
14%
Jonin Commander
1%
No matching quizzes found
Score Distribution
Percent of People with Each Score
Percentile by Number Answered
Your Score History
You have not taken this quiz